Features of the Engagement of the Nutation Speed Reducer; Journal of Advances in Electrical Devices; Vol. 4, iss. 2, 3
| Parent link: | Journal of Advances in Electrical Devices Vol. 4, iss. 2, 3.— 2019.— [P. 27-32] |
|---|---|
| Autore principale: | |
| Ente Autore: | |
| Altri autori: | |
| Riassunto: | Title screen This paper discusses the development of a Nutating Speed Reducer (NSR), which is characterized by high reduction ratio, high tooth contact ratio, very high torque to weight/ volume ratio, quiet and smooth operation under load and very high efficiency. All of these advantages are due to the presence of conjugate face-gear pairs, which incorporate each other, which is called nutating/rotating gear mechanism. Details of the NSR, its kinematics, gear tooth load capacity, and mesh efficiency are explained. The general formulae for calculating the reduction ratio and main design parameters of the novel gear drive are developed. The smooth running of the NSR is examined without applying any load. The operability of the NSR under load is carried out in a virtual simulation environment to verify the transmission theory and the smoother transmission between pairs of teeth of the nutation speed reducer. Режим доступа: по договору с организацией-держателем ресурса |
| Lingua: | inglese |
| Pubblicazione: |
2019
|
| Soggetti: | |
| Accesso online: | http://matjournals.in/index.php/JoAED/article/view/4532 |
| Natura: | MixedMaterials Elettronico Capitolo di libro |
| KOHA link: | https://koha.lib.tpu.ru/cgi-bin/koha/opac-detail.pl?biblionumber=661688 |
MARC
| LEADER | 00000naa0a2200000 4500 | ||
|---|---|---|---|
| 001 | 661688 | ||
| 005 | 20250417125711.0 | ||
| 035 | |a (RuTPU)RU\TPU\network\32420 | ||
| 035 | |a RU\TPU\network\30812 | ||
| 090 | |a 661688 | ||
| 100 | |a 20200129d2019 k||y0rusy50 ba | ||
| 101 | 0 | |a eng | |
| 102 | |a IN | ||
| 135 | |a vrcn ---uucaa | ||
| 181 | 0 | |a i | |
| 182 | 0 | |a b | |
| 200 | 1 | |a Features of the Engagement of the Nutation Speed Reducer |f M. Jasem, P. Ya. Krauinsh | |
| 203 | |a Text |c electronic | ||
| 300 | |a Title screen | ||
| 330 | |a This paper discusses the development of a Nutating Speed Reducer (NSR), which is characterized by high reduction ratio, high tooth contact ratio, very high torque to weight/ volume ratio, quiet and smooth operation under load and very high efficiency. All of these advantages are due to the presence of conjugate face-gear pairs, which incorporate each other, which is called nutating/rotating gear mechanism. Details of the NSR, its kinematics, gear tooth load capacity, and mesh efficiency are explained. The general formulae for calculating the reduction ratio and main design parameters of the novel gear drive are developed. The smooth running of the NSR is examined without applying any load. The operability of the NSR under load is carried out in a virtual simulation environment to verify the transmission theory and the smoother transmission between pairs of teeth of the nutation speed reducer. | ||
| 333 | |a Режим доступа: по договору с организацией-держателем ресурса | ||
| 461 | |t Journal of Advances in Electrical Devices | ||
| 463 | |t Vol. 4, iss. 2, 3 |v [P. 27-32] |d 2019 | ||
| 610 | 1 | |a электронный ресурс | |
| 610 | 1 | |a труды учёных ТПУ | |
| 610 | 1 | |a редукторы | |
| 610 | 1 | |a нутация | |
| 700 | 1 | |a Jasem |b M. |c Specialist in the field of mechanical engineering |c Assistant of the Department of Tomsk Polytechnic University |f 1985- |g Mohamad |3 (RuTPU)RU\TPU\pers\47112 |9 22705 | |
| 701 | 1 | |a Krauinsh |b P. Ya. |c specialist in the field of mechanical engineering |c Professor of Tomsk Polytechnic University, Doctor of technical sciences |f 1939- |g Petr Yanovich |3 (RuTPU)RU\TPU\pers\33701 | |
| 712 | 0 | 2 | |a Национальный исследовательский Томский политехнический университет |b Инженерная школа новых производственных технологий |b Отделение материаловедения |3 (RuTPU)RU\TPU\col\23508 |
| 801 | 1 | |a RU |b 63413507 |c 20150101 |g RCR | |
| 801 | 2 | |a RU |b 63413507 |c 20220301 |g RCR | |
| 850 | |a 63413507 | ||
| 856 | 4 | |u http://matjournals.in/index.php/JoAED/article/view/4532 | |
| 942 | |c CF | ||